Loading...
| Science - Physics | 2 | 5 | 1 | 0 | 75 | 27 | 72.57 | 7 | 7 | 0.00 | 0.00 |
| Science - Chemistry | 1 | 4 | 0 | 0 | 55 | 56 | 96.00 | 4 | 5 | 0.00 | 0.00 |
| Science - Other | 1 | 2 | 0 | 0 | 35 | 65 | 87.67 | 1 | 3 | 0.00 | 0.00 |
| Science - Biology | 0 | 1 | 0 | 0 | 10 | 83 | 83.00 | 1 | 1 | 0.00 | 0.00 |
| History - American | 0 | 1 | 0 | 0 | 10 | 113 | 113.00 | 0 | 1 | 0.00 | 0.00 |
| Literature - European | 0 | 1 | 0 | 0 | 10 | 118 | 118.00 | 1 | 1 | 0.00 | 0.00 |
| Other Academic | 0 | 1 | 0 | 0 | 10 | 100 | 100.00 | 0 | 1 | 0.00 | 0.00 |
| Social Science | 0 | 1 | 1 | 1 | 5 | 140 | 140.00 | 0 | 1 | 0.00 | 0.00 |
| History - European | 0 | 0 | 1 | 0 | -5 | 0.00 | 0 | 0 | 0.00 | 0.00 |